000 00733nam a2200289Ia 4500
005 20260324122008.0
008 008 260324s9999 xx 000 0 eng d
020 _a9781315569161
037 _aEBOOK
040 _aCRL
040 _beng
040 _cCRL
041 _2eng
041 _aeng
084 _qCRL
100 _aChristopher S. Wilson
_91164700
245 0 _aBeyond Anitkabir: The Funerary Architecture of Atatürk
245 4 _bThe Construction and Maintenance of National Memory
260 _bTaylor and Francis
260 _c2013
365 _a
365 _b255
856 _uhttp://www.taylorfrancis.com/books/9781315569161
942 _cEBOOK
999 _c1757126
_d1757126